000 00732nam a2200241Ia 4500
003 OSt
005 20221005121153.0
006 a|||||r|||| 00| 0
007 ta
008 221004b |||||||| |||| 00| 0 eng d
024 _a52283
037 _cTextual
040 _aCRL
_cCRL
_beng
041 _2eng
_aeng
082 _aQ44:31, F8
100 _aGetty Alice
245 0 _aGods of Northern Buddhism, their history, iconography and progressive evolution through the Northern Buddhist countries, with a general introduction on Buddhism, tr. from the French of J. Deniker
250 _a2nd
260 _c1928
650 _aRELIGION
942 _hQ44:31, F8
_cTEXL
_2cc
999 _c1040345
_d1040345